000
00367nam a2200133Ia 4500
008
100328s9999 xx 000 0 und d
082
_b
69680
100
_a
मेहेंदळे कविता.
245
_a
उमलताना.
260
_b
माुश्री.
630
_a
उमलताना.
730
_a
उमलताना.
942
_c
BOOK
999
_c
555410
_d
555407